1312 1029 1077 1810 1208 1696 1216 1996 1362 1376 1704 1718 1477 1476 1845 1955 1017 1887 1794 1248 1526 1347 1794 1133 1469 1522 1513 1800 1626 1144 1823 1627 1083 1937 1210 1878 1129 1479 1567 1079 1121 1209 1843 1626 1286 1938 1869 1950 1078 1829 1070 1024 1932 1124 1116 1535 1806 1873 1753 1116 1268 1147 1618 1088 1983 1985 1624 1254 1513 1053 1582 1867 1331 1036 1238 1122 1206 1642 1367 1521 1648 1404 1515 1826 1036 1657 1466 1006 1263 1882 1196 1006 1274 1226 1379 1992 1253 1297 1052 BCNSPRNW ULIB Ver.6.0+V

เปลี่ยนเป็นภาษาไทย

Change to English
 แสดงรายละเอียดบรรณานุกรม
  กลับหน้าหลัก

Brief Record : Get Marc (ISO 2709) : E-mail record : QR code < ปิดหน้าต่าง
LEADER : 00000nam 2200000uu 4500
001    13399111451
003     ULIB
008    110627s2548||||th 000 0 tha d
020    974930571X
090    รส^bพ811อ 2548
100 0  รวมนักเขียน
245 00 อาจจะเป็นเพราะรัก 3 /^cเขียนโดย รวมนักเขียน
250    พิมพ์ครั้งที่ 1
260    กรุงเทพฯ :^bเกิร์ลเฟรด์,^c2548
300    192 หน้า :^bภาพประกอบ ;^c21 ซม.
650  0 เรื่องสั้น
945    ^p150^l0^i17712
995    กัณชพร
999 ^a ใช้งานได้ทุกระบบ
รายการนี้ยังไม่มีแท็ก
คุณยังไม่ได้ล็อกอิน คุณสามารถมีกิจกรรมร่วมกับเว็บไซต์ได้ แต่ต้องล็อกอินก่อน ::
  ล็อกอิน

รายการสื่อสารสนเทศ

ลำดับที่ ประเภท เลขเรียก/บาร์โค้ด สถานที่ สถานะ
- ไม่พบข้อมูล -

รายการใกล้เคียง
    ผู้แต่ง [รวมนักเขียน]

    หัวเรื่อง [เรื่องสั้น]

BibComment


ยังไม่เคยถูกคอมเมนท์

คอมเมนท์ทรัพยากรรายการนี้
  คอมเมนท์: อาจจะเป็นเพราะรัก..


 Copyright 2026. Bcnsprnw @Library